• 首页
  • 本馆介绍
  • 公告通知
  • 最新文献
  • 馆藏检索
  • 电子资源
  • 读者导购
  • 参考咨询
  • 我的图书馆
  • 登录
  • 详细信息显示
  • 放入我的书架
  • 预约/预借图书
  • 作者相关作品
  • 分类相关作品
  • 丛书相关作品
  • 出版社相关作品

书目信息

  • 表格格式
  • 工作单格式
  • 卡片格式
题名:
半导体物理学
    
 
作者: 刘恩科 , 朱秉升 , 罗晋生 编著
分册:  
出版信息: 北京   国防工业出版社  2010
页数: 406页
开本: 26cm
丛书名:
单 册:
中图分类: O47
科图分类:
主题词: 半导体物理学--高等学校--教材 , 半导体物理学
电子资源:
ISBN: 978-7-118-06562-6
000 01012nam0 2200289 45
001 1130152047
005 20110309142529.71
010    @a978-7-118-06562-6@dCNY34.00
100    @a20110110e2010 em y0chiy50 ea
101 0  @achi
102    @aCN@b110000
105    @ay z 000yy
106    @ar
200 1  @a半导体物理学@ABan Dao Ti Wu Li Xue@f刘恩科,朱秉升,罗晋生等编著@FLiu En Ke, Zhu Bing Sheng, Luo Jin Sheng Deng Bian Zhu
205    @a4版
210    @a北京@c国防工业出版社@d2010
215    @a406页@d26cm
300    @a高等学校工科电子类规划教材
330    @a本书论述了半导体物理的基础知识,内容包括包括的晶格结构和电子状态,载流子的统计分布,载流子的散射及电导问题,半导体的表面和界面,非晶半导体等内容。
606 0  @a半导体物理学@x高等学校@j教材
606 0  @a半导体物理学
690    @aO47@v4
701  0 @a刘恩科@ALiu En Ke@4编著
701  0 @a朱秉升@AZhu Bing Sheng@4编著
701  0 @a罗晋生@ALuo Jin Sheng@4编著
801  0 @aCN@bTANGWEI@c20110309
905    @b0529903-05@dO47@e19=4@f3
    
    半导体物理学/刘恩科,朱秉升,罗晋生等编著.-4版.-北京:国防工业出版社,2010
    406页;26cm
    高等学校工科电子类规划教材
    
    ISBN 978-7-118-06562-6:CNY34.00
    本书论述了半导体物理的基础知识,内容包括包括的晶格结构和电子状态,载流子的统计分布,载流子的散射及电导问题,半导体的表面和界面,非晶半导体等内容。
●
相关链接 在E读中查询图书 在五车中查询图书 在当当中查询图书 在豆瓣中查询图书


正题名:半导体物理学     索取号:O47/19=4         预约/预借

序号 登录号 条形码 馆藏地/架位号 状态 备注
1 0529903   205299032   第二样本阅览室/ [索取号:O47/19=4] 在馆    
2 0529904   205299041   第三借阅区/ [索取号:O47/19=4] 在馆    
3 0529905   205299050   第三借阅区/ [索取号:O47/19=4] 在馆    
唐山师范学院图书馆 欢迎您!
大连网信软件有限公司© 版权所有